Top NHL goal scorers of the 2010s - Statistics

General Stats
  • This quiz has been taken 114 times
  • The average score is 18 of 20
Answer Stats
Main Team Answer Goals % Correct
Washington Capitals Alexander Ovechkin 437
100%
Chicago Blackhawks Patrick Kane 315
100%
Pittsburgh Penguins Sidney Crosby 296
100%
Pittsburgh Penguins Evgeni Malkin 274
99%
Tampa Bay Lightning Steven Stamkos 363
99%
Chicago Blackhawks Jonathan Toews 266
98%
Boston Bruins Patrice Bergeron 247
98%
Boston Bruins Brad Marchand 282
96%
Dallas Stars Jamie Benn 282
96%
New York Islanders John Tavares 319
96%
Dallas Stars Tyler Seguin 273
95%
Anaheim Ducks Corey Perry 268
94%
Carolina Hurricanes Eric Staal 260
87%
San Jose Sharks Patrick Marleau 257
86%
San Jose Sharks Joe Pavelski 295
85%
San Jose Sharks Logan Couture 251
74%
Montreal Canadiens Max Pacioretty 258
74%
Toronto Maple Leafs Phil Kessel 286
71%
Los Angeles Kings Jeff Carter 251
67%
Carolina Hurricanes Jeff Skinner 255
43%
No matching quizzes found
Score Distribution
Percent of People with Each Score
Percentile by Number Answered
Your Score History
You have not taken this quiz